000 00790cab a2200289 4500
001 ABS52077
008 090401t1995 xxu||||| |||| 00| 0 eng d
035 _a(Sirsi) u58834
041 _aeng
100 _aHoldsworth, P.
245 _aLine of attack
260 _c1995
350 _a0
490 _aProperty Week
_v50(3) 19 January 1995, 22-25(4)
520 _aExamines what the telecommunications industry needs from its property portfolio and how surveyors can meet these needs.
650 _aAT&T
650 _aBT
650 _aENERGIS
650 _aIONICA
650 _aMERCURY
650 _aOCCUPIER MONITOR
650 _aOCCUPIERS NEEDS
650 _aTELECOMMUNICATIONS INDUSTRY
690 _aPROPERTY-COMMERCIAL PROPERTY
942 _n0
948 _c04/03/1997
999 _c35977
_d35977